Ανάπτυξη μεθοδολογίας για ανεύρεση περιπατητικών διαδρομών με την χρήση GIS :

Αποθηκεύτηκε σε:
Λεπτομέρειες βιβλιογραφικής εγγραφής
Κύριος συγγραφέας: Θηβαίου, Γεώργιος
Συγγραφή απο Οργανισμό/Αρχή: Πανεπιστήμιο Αιγαίου Σχολή Περιβάλλοντος Τμήμα Περιβάλλοντος Πρόγραμμα Μεταπτυχιακών Σπουδών Περιβαλλοντική Πολιτική και Διατήρηση Βιοποικιλότητας
Μορφή: Thesis Βιβλίο
Γλώσσα:Greek
Δημοσίευση: 2017.
Ετικέτες: Προσθήκη ετικέτας
Δεν υπάρχουν, Καταχωρήστε ετικέτα πρώτοι!

MARC

LEADER 00000cam a2200000 a 4500
001 1/120814
008 200206s2017####gr | ||| |||| ||gre||
040 |a GR-MyUa  |b gre  |c GR-MyUa  |e AACR2 
041 0 |a gre 
082 7 |a 0000  |2 (23) 
100 1 |a Θηβαίου, Γεώργιος. 
245 1 0 |a Ανάπτυξη μεθοδολογίας για ανεύρεση περιπατητικών διαδρομών με την χρήση GIS :   |c μεταπτυχιακή διατριβή του : Θηβαίου Γεωργίου ; επιβλέπων: Δημητρακόπουλος Παναγιώτης.  
260 |c 2017.  
300 |a 58 σ. :   |b χάρτες ;   |c 29 εκ.  
502 |a Διατριβή (μεταπτυχιακή) - Πανεπιστήμιο Αιγαίου, Μυτιλήνη, 2017.  
504 |a Βιβλιογραφία: σ. 46-47.  
506 1 |a Ηλεκτρονική διάθεση στο πλήρες κείμενο - περιορισμένης πρόσβασης ;   |d Ελεύθερη διάθεση στα μέλη του Πανεπιστημίου Αιγαίου.  
540 |a Κλειδωμένη η δυνατότητα αντιγραφής (copy) από το ηλεκτρονικό κείμενο.  
700 1 |a Δημητρακόπουλος, Παναγιώτης Γ.  |e dgs 
710 2 |a Πανεπιστήμιο Αιγαίου  |b Σχολή Περιβάλλοντος   |b Τμήμα Περιβάλλοντος  |b Πρόγραμμα Μεταπτυχιακών Σπουδών Περιβαλλοντική Πολιτική και Διατήρηση Βιοποικιλότητας. 
852 |a INST  |b LESVOS  |c DIATR  |e 20200206  |h 798  |p 005100062732  |q 005100062732  |t MTXE  |y 23 
920 |a Θηβαίου   |b Γεώργιος  |y Λέσβος  |z 2017-05 
970 |a Καμάτσου  |b Δέσποινα  |z 06-02-2020